000 00301nam a22001337a 4500
008 170608b xxu||||| |||| 00| 0 eng d
020 _a9780395943656
041 _aeng
080 _a93
100 _a18
101 _aSHH
245 _aWESTERN CIVILIZATION :A BRIEF HISTORY
_cPERRY
942 _2udc
_cBK
999 _c16392
_d16392